[Event "ICS rated blitz match"]
[Site "204.178.125.65"]
[Date "2000.11.18"]
[Round "?"]
[White "Hossa"]
[Black "QueenMaxima"]
[Result "1/2-1/2"]
[WhiteElo "2582"]
[BlackElo "2536"]
[PlyCount "175"]
[EventDate "2000.??.??"]

1. d4 e6 2. Nf3 c5 3. e4 Qa5+ 4. Bd2 Qb6 5. Bc3 Nf6 6. Nbd2 d5 7. e5 Nfd7 8. a4
Nc6 9. a5 Qc7 10. dxc5 Bxc5 11. Bb5 O-O 12. Bxc6 bxc6 13. Nb3 Be7 14. a6 Qb6
15. Ba5 Qxa6 16. Bc3 Qc4 17. Nbd4 Bb4 18. Qd3 Bxc3+ 19. bxc3 c5 20. Nb5 Qe4+
21. Qxe4 dxe4 22. Nd2 Nxe5 23. Nc7 Rb8 24. Ke2 Rb2 25. Rhc1 f5 26. Ra5 Rd8 27.
Rxc5 Ng6 28. g3 Ra2 29. h4 a5 30. Nc4 a4 31. h5 Nf8 32. Ke3 h6 33. Rc6 Bd7 34.
Rb6 Rc8 35. Rb7 Bc6 36. Ra7 Kh7 37. Ne5 Ra3 38. Kd4 Be8 39. Nxe8 Rxe8 40. Nf7
Rb8 41. Ra6 Ra2 42. c4 Ra3 43. Rd1 Rf3 44. Rd2 a3 45. Ra7 Nd7 46. Re2 Rb1 47.
Rd2 Rb6 48. Re2 Rbb3 49. Rd2 Rb1 50. Ra8 Rb8 51. Ra6 Nf6 52. Ra7 Nxh5 53. Re2
Rb6 54. Ne5 Nxg3 55. fxg3 Rxg3 56. Nd7 Rc6 57. Nf6+ Kg6 58. Ne8 Rg5 59. Rxg7+
Kh5 60. Rh2+ Kg4 61. Ra7 Kg3 62. Re2 Kf3 63. Re3+ Kf4 64. Rexa3 Rg2 65. R3a6
e5+ 66. Kc3 Rxa6 67. Rxa6 Rg3+ 68. Kb4 Rh3 69. Rf6 e3 70. Nd6 e2 71. Rxf5+ Ke3
72. Rxe5+ Kf2 73. Ne4+ Kf1 74. Nd2+ Kf2 75. Ne4+ Kf1 76. Nd2+ Kf2 77. Ne4+ Kf1
78. Nd2+ Kf2 79. Ne4+ Kf1 80. Nd2+ Kf2 81. Ne4+ Kf1 82. Nd2+ Kf2 83. Ne4+ Kf1
84. Nd2+ Kf2 85. Ne4+ Kf1 86. Nd2+ Kf2 87. Ne4+ Kf1 88. Nd2+ {
Game drawn by repetition} 1/2-1/2

[Event "ICS rated blitz match"]
[Site "204.178.125.65"]
[Date "2000.11.18"]
[Round "?"]
[White "PostModernist"]
[Black "Hossa"]
[Result "1-0"]
[WhiteElo "2590"]
[BlackElo "2580"]
[PlyCount "131"]
[EventDate "2000.??.??"]

1. d4 e6 2. Nf3 c5 3. e4 Qa5+ 4. Bd2 Qb6 5. Bc3 Nf6 6. Nbd2 d5 7. Qe2 cxd4 8.
Bxd4 Bc5 9. Bxf6 gxf6 10. O-O-O O-O 11. exd5 exd5 12. Nb1 Bxf2 13. Nc3 Be3+ 14.
Kb1 d4 15. Nd5 Qc5 16. Qb5 Qxb5 17. Bxb5 a6 18. Bd3 Kh8 19. Nxf6 h6 20. Be4 Nd7
21. Nxd7 Bxd7 22. Bxb7 Ra7 23. Bd5 Bg4 24. h3 Bxf3 25. Bxf3 Rc7 26. Rhf1 Rb8
27. g4 Rb5 28. h4 Kg8 29. a3 Kf8 30. Be4 Re7 31. Bd3 Rb6 32. b4 Rc7 33. Rf3 Re6
34. Re1 Rc3 35. Ref1 Rc7 36. Rf6 Rec6 37. R1f5 Bd2 38. Rxc6 Rxc6 39. Ra5 Be1
40. h5 Bc3 41. g5 hxg5 42. Rxg5 Re6 43. Ra5 f6 44. h6 Bd2 45. h7 Kg7 46. Rd5
Re8 47. Rxd4 Ra8 48. Be4 Re8 49. Rd7+ Kh8 50. Bg6 Rb8 51. Rxd2 Kg7 52. Bf5 Kh8
53. Rd5 Kg7 54. Ra5 Ra8 55. c4 Ra7 56. b5 Kh8 57. Rxa6 Rxh7 58. Ra8+ Kg7 59.
Ra7+ Kh6 60. Bxh7 f5 61. b6 f4 62. b7 Kxh7 63. b8=Q+ Kg6 64. Qf8 Kh5 65. Qg8 f3
66. Rh7# {Hossa checkmated} 1-0

[Event "ICS rated blitz match"]
[Site "204.178.125.65"]
[Date "2000.11.18"]
[Round "?"]
[White "Hossa"]
[Black "Tinker"]
[Result "1/2-1/2"]
[WhiteElo "2564"]
[BlackElo "2428"]
[PlyCount "149"]
[EventDate "2000.??.??"]

1. d4 Nf6 2. c4 e6 3. Nc3 Bb4 4. e3 O-O 5. Nf3 c5 6. Bd3 d5 7. O-O dxc4 8. Bxc4
cxd4 9. exd4 b6 10. a3 Bxc3 11. bxc3 Qc7 12. Qe2 Nbd7 13. Bd2 Bb7 14. Bd3 Rfe8
15. Ng5 e5 16. Bc4 Bd5 17. Bxd5 Nxd5 18. Qb5 Qb7 19. Rfe1 a6 20. Qd3 N5f6 21.
Qf5 exd4 22. cxd4 Rac8 23. Qf4 Qd5 24. Rxe8+ Rxe8 25. Re1 Qa2 26. Rxe8+ Nxe8
27. Qe3 Qa1+ 28. Be1 Nd6 29. Nf3 Nc4 30. Qe8+ Nf8 31. Qa4 Nd2 32. Nxd2 Qxe1+
33. Nf1 Qc3 34. d5 Qd3 35. Ne3 a5 36. g3 f6 37. Qc6 Qxa3 38. Qxb6 a4 39. Qc6
Qa1+ 40. Kg2 a3 41. Qc4 Qe5 42. Nc2 Qd6 43. Qb3 Nd7 44. Nb4 Qe5 45. Qxa3 Qe4+
46. Kf1 Qh1+ 47. Ke2 Qxh2 48. Nc6 Qh5+ 49. Qf3 Qxf3+ 50. Kxf3 Kf7 51. Ke4 Nc5+
52. Kd4 Nb7 53. Kd3 h5 54. Ke3 g5 55. f4 h4 56. gxh4 gxh4 57. Kf3 Ke8 58. Nd4
Nc5 59. Nf5 h3 60. Kg3 Nd3 61. d6 Nxf4 62. Kxf4 h2 63. Ng3 h1=Q 64. Nxh1 Kd7
65. Kg4 f5+ 66. Kf3 f4 67. Nf2 Kxd6 68. Nd3 Ke7 69. Ne5 Kf8 70. Nc6 Kg8 71. Ne5
Kh8 72. Nc6 Kg8 73. Ne5 Kh8 74. Nc6 Kg8 75. Ne5 {Game drawn by repetition}
1/2-1/2

[Event "ICS rated blitz match"]
[Site "204.178.125.65"]
[Date "2000.11.18"]
[Round "?"]
[White "Tinker"]
[Black "Hossa"]
[Result "0-1"]
[WhiteElo "2434"]
[BlackElo "2558"]
[PlyCount "98"]
[EventDate "2000.??.??"]

1. e4 c5 2. Nf3 Nc6 3. d4 cxd4 4. Nxd4 g6 5. Nc3 Bg7 6. Be3 Qa5 7. Be2 Nf6 8.
Nb3 Qd8 9. Bc1 O-O 10. O-O d6 11. Bg5 a6 12. f4 b5 13. Bf3 Bb7 14. Kh1 Nd7 15.
Qe1 b4 16. Nd1 a5 17. a4 bxa3 18. Rxa3 a4 19. Na1 Qb6 20. Bh4 Nc5 21. c3 Ba6
22. Rg1 Nd3 23. Qd2 Bh6 24. c4 Nxf4 25. Bf2 Qa5 26. Qc1 Bg5 27. Qc2 Ne5 28.
Rxa4 Qd8 29. b3 Bf6 30. Be3 Nxf3 31. gxf3 Be5 32. Nf2 Qc8 33. Rg4 Ne6 34. Nd3
Bg7 35. Nb4 Nc5 36. Bxc5 dxc5 37. Nxa6 Rxa6 38. Rg1 Qc6 39. Rxa6 Qxa6 40. Qc1
Rb8 41. Qf4 Ra8 42. e5 Qa2 43. Qe4 Rd8 44. Qe3 Rd2 45. Qf4 f5 46. Re1 Re2 47.
Rxe2 Qxe2 48. Qg5 Bxe5 49. Qg2 Qd1+ {Tinker resigns} 0-1

[Event "ICS rated blitz match"]
[Site "204.178.125.65"]
[Date "2000.11.18"]
[Round "?"]
[White "cfd"]
[Black "Hossa"]
[Result "0-1"]
[WhiteElo "2121"]
[BlackElo "2569"]
[PlyCount "68"]
[EventDate "2000.??.??"]

1. Nf3 c5 2. g3 Nc6 3. Bg2 d5 4. O-O e5 5. d3 Nf6 6. Bg5 h6 7. Bxf6 Qxf6 8.
Nfd2 Be6 9. Nc3 O-O-O 10. e4 dxe4 11. dxe4 Qe7 12. Nd5 Qd7 13. c4 Kb8 14. Nb3
Bd6 15. a3 Nd4 16. Nxd4 cxd4 17. b4 f6 18. c5 Bf8 19. Qd3 f5 20. f3 g6 21. Nf6
Qf7 22. exf5 gxf5 23. Ng4 fxg4 24. fxg4 Qg7 25. h3 Bd7 26. Rae1 Qe7 27. Qe4 Bb5
28. Rf5 Bg7 29. Kh2 d3 30. Qf3 d2 31. Rd1 Ba4 32. Rxd2 Rxd2 33. Rf7 Bc6 34.
Qxc6 Qxf7 {cfd resigns} 0-1

[Event "ICS rated bullet match"]
[Site "204.178.125.65"]
[Date "2000.11.19"]
[Round "?"]
[White "Pijusmagnificus"]
[Black "Hossa"]
[Result "0-1"]
[WhiteElo "2368"]
[BlackElo "2635"]
[PlyCount "74"]
[EventDate "2000.??.??"]

1. d4 Nf6 2. c4 e6 3. Nc3 Bb4 4. e4 Nxe4 5. Qc2 d5 6. Bd3 Nxc3 7. bxc3 dxc4 8.
Bxc4 Qxd4 9. cxb4 Qxa1 10. Nf3 Nc6 11. O-O Nd4 12. Qa4+ Bd7 13. Qd1 b5 14. Bd3
Rd8 15. Nxd4 Qxd4 16. Be3 Qxb4 17. Qe2 O-O 18. h3 Qa3 19. Rc1 c6 20. Rc2 Qb4
21. Bc5 Qb1+ 22. Kh2 Rfe8 23. Rc3 Qa1 24. Bd4 c5 25. Be5 f6 26. Bxf6 gxf6 27.
Qg4+ Kf8 28. Bxh7 Qxc3 29. Qg8+ Ke7 30. Qg7+ Kd6 31. Qg4 Rh8 32. Qf4+ Qe5 33.
Qxe5+ Kxe5 34. Bd3 Bc6 35. g3 Rxd3 36. f4+ Ke4 37. g4 Rdxh3+ {
Pijusmagnificus resigns} 0-1

[Event "ICS rated bullet match"]
[Site "204.178.125.65"]
[Date "2000.11.19"]
[Round "?"]
[White "Hossa"]
[Black "Pijusmagnificus"]
[Result "1/2-1/2"]
[WhiteElo "2641"]
[BlackElo "2362"]
[PlyCount "101"]
[EventDate "2000.??.??"]

1. e4 d6 2. d4 Nf6 3. Nc3 c6 4. f4 Qb6 5. f5 e6 6. e5 dxe5 7. dxe5 Nd5 8. Nxd5
cxd5 9. Nf3 exf5 10. Qxd5 Be6 11. Qb5+ Nc6 12. Qxb6 axb6 13. Bb5 Bc5 14. Bf4
O-O-O 15. a3 Nd4 16. Bd3 h6 17. Nxd4 Rxd4 18. Rf1 g5 19. Bd2 f4 20. b4 Be7 21.
Bc3 Rd5 22. Kf2 Rhd8 23. a4 g4 24. Kg1 Bg5 25. Bb5 Bf5 26. Rab1 Bxc2 27. Rbc1
Bd3 28. Bd2+ Kb8 29. Bxd3 Rxd3 30. Bxf4 Bxf4 31. Rxf4 R8d7 32. Rxg4 Rd2 33. Rh4
Ka7 34. Rxh6 Ra2 35. Rd6 Re7 36. Rf6 Rxe5 37. Rxf7 Ree2 38. Rcc7 Rxg2+ 39. Kf1
Rxh2 40. Rxb7+ Ka8 41. Ra7+ Kb8 42. Rfb7+ Kc8 43. Rc7+ Kb8 44. Rab7+ Ka8 45.
Ra7+ Kb8 46. Rab7+ Ka8 47. Ra7+ Kb8 48. Rab7+ Ka8 49. Ra7+ Kb8 50. Rab7+ Ka8
51. Ra7+ {Game drawn by repetition} 1/2-1/2

[Event "ICS rated bullet match"]
[Site "204.178.125.65"]
[Date "2000.11.19"]
[Round "?"]
[White "Hossa"]
[Black "abroz"]
[Result "1-0"]
[WhiteElo "2630"]
[BlackElo "2274"]
[PlyCount "97"]
[EventDate "2000.??.??"]

1. e4 Nf6 2. e5 Nd5 3. c4 Nb6 4. c5 Nd5 5. d4 e6 6. Nf3 b6 7. Nc3 bxc5 8. Nxd5
exd5 9. dxc5 c6 10. b4 a5 11. Bg5 Be7 12. Bxe7 Qxe7 13. bxa5 Qxc5 14. Qd2 Qxa5
15. Qxa5 Rxa5 16. a4 O-O 17. Bd3 Ba6 18. Bc2 Bc4 19. Kd1 Na6 20. Kd2 Nc5 21.
Kc3 Rfa8 22. Kb4 Nd3+ 23. Kc3 Re8 24. Bxd3 Bxd3 25. Kxd3 c5 26. Rhb1 c4+ 27.
Kd4 f6 28. Rb5 Ra6 29. Rxd5 fxe5+ 30. Nxe5 d6 31. Nxc4 Rf8 32. f3 Rf4+ 33. Kd3
Rc6 34. Nxd6 Rb4 35. Ra2 Rb3+ 36. Ke2 h6 37. Kf2 Rc1 38. a5 Rbb1 39. Re2 Rb8
40. Re7 Ra8 41. Nf5 g6 42. Nxh6+ Kf8 43. Rf7+ Ke8 44. Re5+ Kd8 45. Rf8+ Kc7 46.
Rxa8 Kc6 47. Rc8+ Kd6 48. Nf7+ Kd7 49. Rxc1 {abroz resigns} 1-0

[Event "ICS rated bullet match"]
[Site "204.178.125.65"]
[Date "2000.11.19"]
[Round "?"]
[White "abroz"]
[Black "Hossa"]
[Result "0-1"]
[WhiteElo "2270"]
[BlackElo "2634"]
[PlyCount "56"]
[EventDate "2000.??.??"]

1. c4 Nf6 2. Nc3 e5 3. g3 c6 4. Bg2 d5 5. cxd5 cxd5 6. d3 d4 7. Ne4 Nxe4 8.
Bxe4 Bb4+ 9. Bd2 Bxd2+ 10. Qxd2 O-O 11. Bg2 Nc6 12. Nf3 Bg4 13. O-O Qd7 14.
Rac1 f6 15. b4 Bh3 16. b5 Ne7 17. Qb4 Nd5 18. Qc5 Bxg2 19. Kxg2 Rfc8 20. Qa3
Qxb5 21. Rb1 Qd7 22. Nd2 Rc2 23. Ne4 b6 24. Rb2 Rxb2 25. Qxb2 Qg4 26. h3 Nf4+
27. Kh2 Qxh3+ 28. Kg1 Qg2# {abroz checkmated} 0-1

[Event "ICS rated bullet match"]
[Site "204.178.125.65"]
[Date "2000.11.19"]
[Round "?"]
[White "Hossa"]
[Black "abroz"]
[Result "1-0"]
[WhiteElo "2638"]
[BlackElo "2266"]
[PlyCount "55"]
[EventDate "2000.??.??"]

1. c4 g6 2. Nf3 Bg7 3. d4 d6 4. Nc3 c6 5. e4 Nd7 6. Bd3 a6 7. O-O b5 8. Be3 b4
9. Ne2 Ngf6 10. Qa4 O-O 11. Qxc6 Rb8 12. Qa4 e5 13. dxe5 Nxe5 14. Nxe5 dxe5 15.
Rfd1 Bd7 16. Qxa6 Qc7 17. a3 bxa3 18. Qxa3 Rfc8 19. b4 Bf8 20. c5 Ng4 21. Bg5
h6 22. Bh4 Bc6 23. Ba6 Rd8 24. Rxd8 Rc8 25. Rxc8 Qd7 26. b5 Bxe4 27. Rxf8+ Kxf8
28. c6+ {abroz resigns} 1-0

[Event "ICS rated bullet match"]
[Site "204.178.125.65"]
[Date "2000.11.19"]
[Round "?"]
[White "strangersa"]
[Black "Hossa"]
[Result "0-1"]
[WhiteElo "2305"]
[BlackElo "2641"]
[PlyCount "40"]
[EventDate "2000.??.??"]

1. e3 Nf6 2. Nf3 e6 3. d4 d5 4. c4 dxc4 5. Nc3 Bb4 6. Bxc4 O-O 7. O-O Nbd7 8.
Be2 Nb6 9. a3 Bxc3 10. bxc3 Bd7 11. c4 Ba4 12. Qd3 c5 13. Bb2 Rc8 14. Rac1 Qe7
15. Qc3 cxd4 16. exd4 Nbd5 17. Qd2 Ne4 18. Qe1 Nf4 19. Nd2 Qg5 20. Bf3 Nxd2 {
strangersa resigns} 0-1

[Event "ICS rated blitz match"]
[Site "204.178.125.65"]
[Date "2000.11.19"]
[Round "?"]
[White "Hossa"]
[Black "PostModernist"]
[Result "1/2-1/2"]
[WhiteElo "2571"]
[BlackElo "2609"]
[PlyCount "245"]
[EventDate "2000.??.??"]

1. d4 f5 2. c4 Nf6 3. g3 c6 4. Nf3 g6 5. Bg2 Bg7 6. O-O d6 7. Qb3 Na6 8. Na3
Nc7 9. Nc2 O-O 10. Ng5 h6 11. Nf3 g5 12. Rd1 Ne4 13. Nd2 Nf6 14. d5 cxd5 15.
cxd5 b5 16. Nd4 Bd7 17. Ne6 Bxe6 18. dxe6 d5 19. Nb1 Ne4 20. Be3 Qd6 21. Na3 a6
22. Rac1 Rac8 23. f3 Nf6 24. Bd4 Nxe6 25. Bf2 Qe5 26. Nb1 Rxc1 27. Rxc1 f4 28.
Qb4 fxg3 29. hxg3 Nh5 30. Qxe7 Nd4 31. Qxe5 Bxe5 32. Bxd4 Bxd4+ 33. Kh2 Be5 34.
e3 Nxg3 35. f4 gxf4 36. exf4 Rxf4 37. Bxd5+ Kh7 38. Re1 Ne4 39. Kh1 Rh4+ 40.
Kg2 Rg4+ 41. Kf3 Rf4+ 42. Ke3 Nf6 43. Bb7 Ra4 44. Kd3 Bxb2 45. Re2 Ba1 46. Rg2
h5 47. a3 h4 48. Bc8 Kh6 49. Bf5 b4 50. axb4 Rxb4 51. Nd2 Rf4 52. Be6 Rd4+ 53.
Ke3 Bc3 54. Nb1 Re4+ 55. Kd3 Rxe6 56. Nxc3 Rd6+ 57. Kc4 Nd7 58. Ne4 Ne5+ 59.
Kc5 Re6 60. Kd5 Ng6 61. Kd4 Ne7 62. Kd3 a5 63. Rg1 Nf5 64. Rg8 Re5 65. Nf6 Re3+
66. Kc4 Rg3 67. Ra8 h3 68. Ne4 Ra3 69. Nf2 Kg6 70. Ra6+ Kg5 71. Nxh3+ Rxh3 72.
Rxa5 Kf4 73. Ra2 Kf3 74. Ra3+ Ne3+ 75. Kd4 Rh4+ 76. Kc5 Rc4+ 77. Kd6 Ke4 78.
Ra2 Nf5+ 79. Ke6 Nd4+ 80. Kf6 Rc1 81. Rf2 Ke3 82. Rg2 Rc6+ 83. Ke5 Re6+ 84. Kd5
Re8 85. Rg3+ Kf4 86. Rg2 Rd8+ 87. Kc5 Ke3 88. Rg3+ Nf3 89. Rg6 Ne5 90. Rg3+ Ke4
91. Rg1 Rd5+ 92. Kb6 Rd6+ 93. Ka5 Nc4+ 94. Kb5 Ne3 95. Kc5 Rf6 96. Re1 Rh6 97.
Re2 Rh1 98. Kd6 Kd3 99. Ra2 Nc4+ 100. Ke6 Rb1 101. Rf2 Rb6+ 102. Kf5 Ne3+ 103.
Kg5 Ra6 104. Rf6 Ra1 105. Rd6+ Ke4 106. Re6+ Kd4 107. Rd6+ Ke5 108. Rg6 Nf5
109. Kh5 Rh1+ 110. Kg4 Rg1+ 111. Kh5 Ng3+ 112. Kh6 Rh1+ 113. Kg7 Nf5+ 114. Kf7
Rh7+ 115. Kg8 Re7 116. Kf8 Rd7 117. Ke8 Rh7 118. Rg2 Nd4 119. Rg5+ Kd6 120. Rg2
Kc7 121. Rg6 Kc8 122. Rd6 Ne6 123. Rxe6 {Game drawn by the 50 move rule}
1/2-1/2

[Event "ICS rated blitz match"]
[Site "204.178.125.65"]
[Date "2000.11.19"]
[Round "?"]
[White "PostModernist"]
[Black "Hossa"]
[Result "1-0"]
[WhiteElo "2607"]
[BlackElo "2573"]
[PlyCount "135"]
[EventDate "2000.??.??"]

1. d4 Nf6 2. c4 e6 3. Nf3 d5 4. Nc3 Be7 5. Bg5 O-O 6. e3 h6 7. Bh4 b6 8. Be2
dxc4 9. Bxc4 Ba6 10. Bxa6 Nxa6 11. Bxf6 Bxf6 12. Qa4 Qc8 13. O-O Qb7 14. b4
Rac8 15. Rfc1 c6 16. a3 Nb8 17. Ne4 Be7 18. Qc2 Nd7 19. Nc3 Bd6 20. Rab1 Nf6
21. Ne4 Nxe4 22. Qxe4 Qd7 23. Rc2 Rfd8 24. Rbc1 c5 25. bxc5 bxc5 26. dxc5 Bxc5
27. a4 Qd1+ 28. Ne1 Qd6 29. Rc3 Rd7 30. Nd3 Rcd8 31. g4 Bb6 32. Ne5 Qd5 33. Qf4
Rb7 34. Rd3 Qa2 35. Rxd8+ Bxd8 36. Qf3 Re7 37. Kg2 f6 38. Rc8 fxe5 39. Rxd8+
Kh7 40. Qe4+ g6 41. Qxe5 Rg7 42. Qb8 Rf7 43. Rh8+ Kg7 44. Qe5+ Rf6 45. Rg8+
Kxg8 46. Qxf6 Qd5+ 47. Kg3 Qe4 48. Qd8+ Kf7 49. Qc7+ Kf6 50. Qxa7 Qb1 51. Qd4+
e5 52. Qd6+ Kf7 53. Qd5+ Kf6 54. a5 Qg1+ 55. Qg2 Qa1 56. Qc6+ Ke7 57. a6 Qg1+
58. Qg2 Qd1 59. a7 h5 60. Kh4 hxg4 61. Qb7+ Kf6 62. Qc6+ Kf5 63. a8=Q g5+ 64.
Kh5 g3+ 65. f3 Qxf3+ 66. Qxf3+ Ke6 67. Qad5+ Ke7 68. Qff7# {Hossa checkmated}
1-0

[Event "ICS rated bullet match"]
[Site "204.178.125.65"]
[Date "2000.11.19"]
[Round "?"]
[White "Hossa"]
[Black "andobas"]
[Result "1-0"]
[WhiteElo "2647"]
[BlackElo "2196"]
[PlyCount "83"]
[EventDate "2000.??.??"]

1. e4 c6 2. c4 d6 3. d4 e5 4. dxe5 dxe5 5. Qxd8+ Kxd8 6. Nf3 f6 7. Be2 Be6 8.
Be3 Bb4+ 9. Nc3 Bxc3+ 10. bxc3 Na6 11. Rb1 Kc7 12. O-O c5 13. Rfd1 Ne7 14. Rb2
Rhd8 15. Nd2 b6 16. f4 Nc6 17. a4 Na5 18. Rdb1 Nb8 19. fxe5 fxe5 20. Bg5 Rd7
21. Rf1 Nbc6 22. Be3 Rad8 23. Rfb1 Rf8 24. Ra2 h6 25. Rc1 Nd8 26. Rb2 Ndb7 27.
Nf3 Bxc4 28. Nxe5 Bxe2 29. Nxd7 Kxd7 30. Rxe2 Ke6 31. Rf1 Rxf1+ 32. Kxf1 Nc4
33. Kf2 Nbd6 34. Bf4 Ne5 35. h4 Ndc4 36. Kg3 Nd3 37. Ra2 a5 38. Ra1 Ndb2 39.
Kf3 h5 40. Ke2 g6 41. Ra2 Kf6 42. Bc1 {andobas resigns} 1-0

[Event "ICS Rated blitz match"]
[Site "204.178.125.65"]
[Date "2000.11.19"]
[Round "?"]
[White "Hossa"]
[Black "Tinker"]
[Result "1/2-1/2"]
[WhiteElo "2565"]
[BlackElo "2485"]
[PlyCount "179"]
[EventDate "2000.??.??"]

1. e4 c5 2. c3 d5 3. exd5 Qxd5 4. d4 Nf6 5. Nf3 e6 6. Be2 Nc6 7. O-O cxd4 8.
cxd4 Be7 9. Nc3 Qd6 10. Be3 O-O 11. Rc1 b6 12. Nb5 Qd7 13. Ne5 Nxe5 14. Rc7 Qd8
15. dxe5 Nd5 16. Rxa7 Rxa7 17. Nxa7 Bb7 18. Bf3 Qb8 19. Nb5 Nxe3 20. fxe3 Bxf3
21. Rxf3 Qxe5 22. Qe2 Ra8 23. Nc3 Bc5 24. Qf2 b5 25. Qg3 Qxg3 26. Rxg3 b4 27.
Ne4 Be7 28. a3 bxa3 29. bxa3 Rxa3 30. Rf3 f5 31. Nd2 Bc5 32. Kf2 f4 33. Nc4
fxe3+ 34. Nxe3 e5 35. h4 Ra4 36. Rh3 Kf7 37. Ke2 Ke6 38. Nd1 Rg4 39. g3 Kd6 40.
Nc3 Rc4 41. Kd3 Rd4+ 42. Kc2 Ke6 43. h5 Rc4 44. Kd3 Rb4 45. h6 Rd4+ 46. Ke2 g6
47. Rh1 Bb4 48. Nd1 Rd2+ 49. Ke3 Ra2 50. Kf3 Ra3+ 51. Kg4 Bc5 52. Rf1 Rb3 53.
Re1 Bf8 54. Rh1 Rb4+ 55. Kf3 Kf5 56. g4+ Kf6 57. Nf2 g5 58. Ra1 Rb3+ 59. Ke4
Rb4+ 60. Kf3 Ke6 61. Ne4 Be7 62. Ra7 Rb3+ 63. Ke2 Rb2+ 64. Kd3 Rg2 65. Ra6+ Kf7
66. Kc4 Rxg4 67. Kd5 Rf4 68. Ra7 Ke8 69. Ke6 Rxe4 70. Rxe7+ Kd8 71. Rxh7 Rh4
72. Rh8+ Kc7 73. h7 Kb7 74. Kf6 g4 75. Kg7 g3 76. Rg8 g2 77. Kh8 Rh2 78. Rg4 e4
79. Kg7 e3 80. Rb4+ Kc6 81. Rb1 Rxh7+ 82. Kxh7 Kd5 83. Kg6 Ke4 84. Rb4+ Kf3 85.
Kf5 e2 86. Rf4+ Kg3 87. Re4 Kf3 88. Rf4+ Ke3 89. Rg4 Kf3 90. Rf4+ {
Game drawn by repetition} 1/2-1/2

[Event "ICS rated bullet match"]
[Site "204.178.125.65"]
[Date "2000.11.19"]
[Round "?"]
[White "Hossa"]
[Black "FifthAvenue"]
[Result "1-0"]
[WhiteElo "2649"]
[BlackElo "2335"]
[PlyCount "125"]
[EventDate "2000.??.??"]

1. d4 e6 2. Nf3 Be7 3. e4 d6 4. Bd3 a6 5. O-O Nd7 6. Nc3 b6 7. Bf4 Bb7 8. Qe2
c5 9. d5 e5 10. Be3 b5 11. b3 Ngf6 12. a3 O-O 13. Bd2 Ne8 14. a4 b4 15. Nd1 Nc7
16. Ne3 Re8 17. Nf5 Nf8 18. Nxe7+ Qxe7 19. Bc4 Ng6 20. Ng5 h6 21. Nf3 Rf8 22.
Be3 Nf4 23. Bxf4 exf4 24. Bd3 Rae8 25. Qd1 g5 26. Nd2 Qf6 27. Qh5 Qg7 28. Nc4
Rd8 29. Na5 Ba8 30. Rfe1 Rfe8 31. Qg4 Re5 32. Nc4 Qf6 33. Nxe5 Qxe5 34. Qh5 Kg7
35. Rab1 Re8 36. Bf1 a5 37. Bd3 Bb7 38. Bb5 Bc8 39. Bxe8 Nxe8 40. Ra1 Nf6 41.
Qe2 Bg4 42. f3 Bd7 43. Qa6 Qe7 44. Qxa5 Qe8 45. Qc7 Qe7 46. Qb8 Qe5 47. Rf1 Be8
48. Qd8 Bd7 49. Rab1 Qd4+ 50. Rf2 Qe5 51. a5 g4 52. a6 g3 53. hxg3 fxg3 54. Rd2
Qf4 55. a7 Qxd2 56. a8=Q Qf2+ 57. Kh1 Ng4 58. Qxd7 Qf1+ 59. Rxf1 Nf2+ 60. Kg1
Nh3+ 61. Qxh3 Kg6 62. Qxg3+ Kf6 63. Qd8# {FifthAvenue checkmated} 1-0

[Event "ICS rated blitz match"]
[Site "204.178.125.65"]
[Date "2000.11.19"]
[Round "?"]
[White "PostModernist"]
[Black "Hossa"]
[Result "1-0"]
[WhiteElo "2653"]
[BlackElo "2561"]
[PlyCount "115"]
[EventDate "2000.??.??"]

1. e4 c5 2. c3 d5 3. exd5 Qxd5 4. Nf3 e6 5. d4 cxd4 6. cxd4 Nf6 7. Be2 Bb4+ 8.
Nc3 Ne4 9. Bd2 Bxc3 10. bxc3 Nxd2 11. Qxd2 O-O 12. O-O Nc6 13. Rfb1 Re8 14. Bd3
Qd6 15. Be4 b6 16. Qd3 h6 17. Bxc6 Qxc6 18. Ne5 Qc7 19. f3 Bb7 20. Re1 Qe7 21.
a4 Qh4 22. a5 bxa5 23. Reb1 Re7 24. Rxa5 Rc7 25. c4 a6 26. c5 Rd8 27. c6 Bc8
28. Rd1 Qe7 29. Qe4 Qb4 30. Raa1 Qd6 31. Rac1 a5 32. Ra1 Ra7 33. Qc2 Qc7 34.
Qc5 Rd5 35. Qc2 Ba6 36. Rac1 Bb5 37. Rd2 f6 38. Ng4 Qf4 39. g3 Qxf3 40. c7 Rxc7
41. Nxh6+ gxh6 42. Qxc7 Qe3+ 43. Rf2 Qxd4 44. Qe7 Bd7 45. Rb1 Qe5 46. Rxf6 Qd4+
47. Rf2 Qa7 48. Qf8+ Kh7 49. Rb8 Bc8 50. Qxc8 Qg7 51. Qc2+ Rf5 52. Rxf5 Qa7+
53. Rf2+ Kg7 54. Qc3+ e5 55. Qxe5+ Kh7 56. Qf5+ Kg7 57. Qf6+ Kh7 58. Rh8# {
Hossa checkmated} 1-0

[Event "ICS rated bullet match"]
[Site "204.178.125.65"]
[Date "2000.11.19"]
[Round "?"]
[White "WoodEater"]
[Black "Hossa"]
[Result "0-1"]
[WhiteElo "2231"]
[BlackElo "2648"]
[PlyCount "40"]
[EventDate "2000.??.??"]

1. e4 c5 2. d4 cxd4 3. Nf3 e5 4. c3 Qa5 5. Be2 Nf6 6. O-O Nxe4 7. cxd4 Nc6 8.
dxe5 Nxe5 9. Nxe5 Qxe5 10. Re1 Bd6 11. Bf3 Qxh2+ 12. Kf1 f5 13. Bxe4 fxe4 14.
Rxe4+ Be7 15. Qg4 Qh1+ 16. Ke2 Kd8 17. Bg5 Bf6 18. Bxf6+ gxf6 19. Qg7 Re8 20.
Qf7 Rxe4+ {WoodEater resigns} 0-1

[Event "ICS rated bullet match"]
[Site "204.178.125.65"]
[Date "2000.11.19"]
[Round "?"]
[White "Hossa"]
[Black "WoodEater"]
[Result "1-0"]
[WhiteElo "2651"]
[BlackElo "2228"]
[PlyCount "29"]
[EventDate "2000.??.??"]

1. e4 e5 2. Nf3 Nc6 3. Bb5 Nf6 4. O-O Nxe4 5. d4 Nd6 6. Bxc6 dxc6 7. dxe5 Nf5
8. Qxd8+ Kxd8 9. Nc3 Bd7 10. Rd1 h6 11. Bf4 Kc8 12. Rd3 c5 13. Rad1 Nd4 14.
Nxd4 cxd4 15. Rxd4 {WoodEater resigns} 1-0

[Event "ICS rated bullet match"]
[Site "204.178.125.65"]
[Date "2000.11.19"]
[Round "?"]
[White "WoodEater"]
[Black "Hossa"]
[Result "0-1"]
[WhiteElo "2225"]
[BlackElo "2654"]
[PlyCount "22"]
[EventDate "2000.??.??"]

1. d4 f5 2. c4 Nf6 3. Nc3 e6 4. g3 Bb4 5. Bg2 Ne4 6. Qc2 O-O 7. a3 Ba5 8. b4
Qf6 9. bxa5 Qxd4 10. Bb2 Qxf2+ 11. Kd1 Qxg2 {WoodEater resigns} 0-1

[Event "ICS rated bullet match"]
[Site "204.178.125.65"]
[Date "2000.11.19"]
[Round "?"]
[White "Hossa"]
[Black "WoodEater"]
[Result "1-0"]
[WhiteElo "2656"]
[BlackElo "2223"]
[PlyCount "49"]
[EventDate "2000.??.??"]

1. e4 c5 2. c3 Nf6 3. e5 Nd5 4. Nf3 Nc6 5. Bc4 Nb6 6. Bb3 d6 7. d4 cxd4 8. cxd4
dxe5 9. Nxe5 Nxe5 10. dxe5 Qxd1+ 11. Bxd1 Be6 12. Nc3 g6 13. Be3 Bg7 14. Bxb6
axb6 15. f4 O-O 16. Bf3 Rab8 17. Nd5 Bxd5 18. Bxd5 e6 19. Bb3 Rfd8 20. Rd1
Rxd1+ 21. Kxd1 Rd8+ 22. Ke2 Bf8 23. Rc1 Bc5 24. Bc4 Rd3 25. Kxd3 {
WoodEater resigns} 1-0

[Event "ICS rated bullet match"]
[Site "204.178.125.65"]
[Date "2000.11.19"]
[Round "?"]
[White "WoodEater"]
[Black "Hossa"]
[Result "0-1"]
[WhiteElo "2221"]
[BlackElo "2658"]
[PlyCount "20"]
[EventDate "2000.??.??"]

1. e4 c5 2. f4 e5 3. fxe5 Qh4+ 4. g3 Qxe4+ 5. Qe2 Qxh1 6. Nf3 Nc6 7. Kf2 g5 8.
h3 g4 9. hxg4 Nh6 10. Bg2 Nxg4# {WoodEater checkmated} 0-1

[Event "ICS rated bullet match"]
[Site "204.178.125.65"]
[Date "2000.11.19"]
[Round "?"]
[White "Hossa"]
[Black "WoodEater"]
[Result "1-0"]
[WhiteElo "2660"]
[BlackElo "2219"]
[PlyCount "53"]
[EventDate "2000.??.??"]

1. e4 e5 2. Nf3 Nc6 3. Bb5 Nf6 4. O-O Nxe4 5. d4 Nd6 6. Bxc6 dxc6 7. dxe5 Nf5
8. Qxd8+ Kxd8 9. Nc3 Bd7 10. Rd1 h6 11. Bf4 Kc8 12. Rd3 Be7 13. Rad1 Rd8 14.
Ne4 Be6 15. Rxd8+ Bxd8 16. Nc5 Be7 17. Nxe6 fxe6 18. g4 Nh4 19. Nd4 Ng6 20.
Nxe6 Nxf4 21. Nxf4 b6 22. Ne6 g6 23. f4 a5 24. f5 gxf5 25. gxf5 a4 26. f6 Bb4
27. Rd8+ {WoodEater resigns} 1-0